| 000 | 01247nam a2200301 a 4500 | ||
|---|---|---|---|
| 003 | BLK | ||
| 005 | 20250723103019.0 | ||
| 008 | 181115b bu ||||| |||| 00| 0 bu d | ||
| 020 | _a 978-954-337-345-1 | ||
| 040 | _aBLK | ||
| 041 |
_aBUL _cBUL |
||
| 080 |
_aСредни училища _b373.5 _x(497.215)(091) _z373.5(497.215)(091) |
||
| 100 |
_aГанчев, Румян Стоилов _9273663 |
||
| 139 |
_aГанчев, Румян Стоилов _bГ 22 |
||
| 245 |
_aЖива традиция _cРумян Ганчев, Ренета Рошкева. _nТ. 2 _pСредно общообразователно училище "Христо Ботев" - Русе (1950-2010) |
||
| 257 | _aBGR | ||
| 260 |
_9209556 _aРусе _bАвангард принт _c2018 |
||
| 300 |
_a406 с. _bс ил., факс., портр. _c23 см |
||
| 380 | _a3 | ||
| 504 | _aБиблиогр.: с. 402-404 | ||
| 650 | 7 |
_9171839 _aСредни училища - България - Русе - история |
|
| 700 | 1 |
_aРошкева, Ренета Петрова _9117128 |
|
| 852 |
_aЦб 291499 _bЦб |
||
| 852 |
_aК 373.5/Г 23 Р _bК |
||
| 852 |
_bП _c373.5/Г 22 Р |
||
| 942 |
_cKNG _n0 _06 _s1 |
||
| 944 |
_k30530 _lМинев Младен |
||
| 999 |
_c326318 _d326318 |
||